I convocati del F.C. Barcelona per la Champions League 2024/2025 - Statistics

Statistiche generali
  • Questo quiz è stato fatto 56 volte
  • Il punteggio medio è 18 su 24
Statistiche sulle risposte
con Immagini Risposta % Corretto
Frenkie de Jong
96%
Lamine Yamal
96%
Pedri
96%
Gavi
94%
Robert Lewandowski
94%
Andreas Christensen
92%
Jules Koundé
92%
Dani Olmo
90%
Ferran Torres
90%
Pau Cubarsí
90%
Raphinha
90%
Alejandro Balde
88%
Ansu Fati
88%
Ronald Araújo
88%
Wojciech Szczęsny
88%
Iñaki Peña
78%
Iñigo Martínez
78%
Fermín López
72%
Eric García
64%
Marc Casadó
44%
Gerard Martín
36%
Pablo Torre
30%
Pau Víctor
22%
Noah Darvich
6%
Nessun quiz corrispondente trovato
Distribuzione punteggi
Percentuale di utenti per punteggio
Percentile per numero di risposta
I tuoi punteggi nel tempo
Non hai fatto questo quiz